000 00751nam a2200229Ii 4500
003 JO-AjNU
008 230605s9999||||xx |||||||||||||| ||und||
017 _a2008/4/1209
020 _a978-9957-11-760-3
040 _aJO-AjNU
_bara
_erda
_cJO-AjNU
041 _aara
050 1 4 _aT57.95.M87 2009
100 3 _aالموسوي ، منعم زمزير,
_eauthor
_927431
245 0 0 _aبحوث العمليات "lمدخل عامي لاتخاذ القرارات"
250 _aط1
264 3 1 _aعمان:دار وائل للنشر ، 2009
300 _a516ص
336 _atext
_btxt
_2rdacontent
337 _aunmediated
_bn
_2rdamedia
338 _avolume
_bnc
_2rdacarrier
650 4 _aبحوث العمليات-اتخاذالقرارات
_927432
999 _aA10520
_c14088
_d14088